000 00684nam a2200253Ia 4500
005 20250425161800.0
008 250425s9999 xx 000 0 und d
020 _a8472070174
041 _aspa
082 _a624.15
100 _aJIMENEZ SALAS, JOSE A.
245 0 _aGEOTECNIA Y CIMIENTOS III (PRIMERA PARTE): CIMENTACIONES, EXCAVACIONES Y APLICACIONES DE LA GEOTECNIA
250 _aS.E.
260 _aEspaƱa
_bRUEDA
_c1980
260 _aMADRID
300 _a998
500 _aPrimera parte
650 _aCIMENTACIONES
650 _aGEOTECNIA
700 _aDE JUSTO ALPANES, JOSE L.
700 _aSERRANO GONZALEZ, ALCIBIADES A.
942 _c01
010 _a28789
999 _c215998
_d215998